000 00384nam a2200145Ia 4500
005 20251222144841.0
008 251222s9999||||xx |||||||||||||| ||spa||
020 _a9972608204
082 _a362.109.811/E28
100 _aEgido, Jesús M.
245 0 _aShintuya:
250 _a1ra. ed.
264 _bCentro Amazónico de Antropología y Aplicación Práctica (CAAAP)
942 _cLIB
999 _c21247
_d21247